Teach english : (Record no. 7938)

MARC details
000 -LEADER
fixed length control field 00531cam a2200205ua 4500
001 - CONTROL NUMBER
control field 8850
005 - DATE AND TIME OF LATEST TRANSACTION
control field 20260515114404.0
008 - FIXED-LENGTH DATA ELEMENTS--GENERAL INFORMATION
fixed length control field 150225n ii |||gr||||Z||||||eng
020 ## - INTERNATIONAL STANDARD BOOK NUMBER
International Standard Book Number 0521498597
040 ## - CATALOGING SOURCE
Transcribing agency MAIN
041 ## - LANGUAGE CODE
Language code of text/sound track or separate title eng
082 ## - DEWEY DECIMAL CLASSIFICATION NUMBER
Classification number 371.102
100 ## - MAIN ENTRY--PERSONAL NAME
Personal name Doff, A.,
Relator term Author.
245 ## - TITLE STATEMENT
Title Teach english :
Remainder of title Training course for teachers /
Statement of responsibility, etc. By Adrian Doff .
250 ## - EDITION STATEMENT
Edition statement 1st.
260 ## - PUBLICATION, DISTRIBUTION, ETC.
Place of publication, distribution, etc. New Delhi:
Name of publisher, distributor, etc. Cambridge,
Date of publication, distribution, etc. 1995.
300 ## - PHYSICAL DESCRIPTION
Extent 286p.
653 ## - INDEX TERM--UNCONTROLLED
Uncontrolled term Schools & their activities special education
942 ## - ADDED ENTRY ELEMENTS (KOHA)
Koha item type Books
Holdings
Withdrawn status Lost status Damaged status Not for loan Home library Current library Shelving location Date acquired Total checkouts Full call number Barcode Date last seen Copy number Price effective from Koha item type Date last checked out
        Naharkatiya College Library Naharkatiya College Library General stacks 09/19/2020   371.102 | DOF 4445 09/19/2020 2 09/19/2020 Books  
        Naharkatiya College Library Naharkatiya College Library General stacks 09/19/2020 1 371.102 | DOF 5759 04/25/2022 1 09/19/2020 Books 03/30/2022